|
|
|
|
| LEADER |
00000cam a2200000 7i4500 |
| 001 |
0000014292 |
| 005 |
20080226.0 |
| 008 |
080226 |
| 020 |
|
|
|a 9832950171
|
| 090 |
0 |
0 |
|a 297.1224045
|b ISU
|
| 245 |
1 |
0 |
|a Isu semasa pengajian Quran dan Sunnah
|c editorial, Muhammad Mustaqim Mohd Zarif, Afaf Abdul Ghafoor Hameed, Syed Ahmad Tarmizi Syed Omar
|
| 260 |
|
|
|a Kuala Lumpur :
|b KUIM ,
|c 2005
|
| 650 |
|
0 |
|a Koran
|x Reading
|x technique
|
| 650 |
|
0 |
|a Koran
|x Recitation
|
| 700 |
0 |
|
|a Afaf Abdul Ghafoor Hameed
|
| 700 |
0 |
|
|a Muhammad Mustaqim Mohd Zarif
|
| 700 |
0 |
|
|a Syed Ahmad Tarmizi Syed Omar
|
| 999 |
|
|
|a 0001007009
|b Book
|c Adult Collection
|e Perbadanan Perpustakaan Awam Johor
|
| 999 |
|
|
|a 0001007010
|b Book
|c Adult Collection
|e Perbadanan Perpustakaan Awam Johor
|
| 999 |
|
|
|a 0001007011
|b Book
|c Adult Collection
|e Perbadanan Perpustakaan Awam Johor
|